01982nam a2200277 i 4500003000900000005001700009007000300026008004100029040003000070082001300100100003900113245013900152264003800291300003600329336002700365337003300392338002800425490001500453500007100468500003700539500002900576500003900605504003000644520097800674700005201652DO-SdBNP20231122140301.0ta130408s2011 dr c 001 0 spa d aDO-SdBNPbspacBNPHUerda 222bG934 aGuerrero Castro, Francisco,d1964-10aOrigen, desarrollo e identidad de Salvaleón de Higüey /cFrancisco Guerrero Castro ; prólogo Gregorio Nicanor Peña Rodríguez 1aSanto Domingo :bNacional,c2011. a904 páginasbretratosc23 cm. 2rdacontentatextobtxt 2rdamediaasin mediaciónbn 2rdacarrieravolumenbnc1 aProvincias aIncluye datos biografícos del autor en la solapa de la portada.  aÍndice onomástico presente.  aIncluye fotos del ayer.  aIncluye notas a pie de páginas.  aBibliografía p: 805-829 aEsta obra provee dos elementos inductores de satisfacción: por una parte el interesante contenido, tanto por su estructura como por la forma en que está redactada, amén del constante apoyo a la exposición de los conceptos con citas y fotos. La obra exhibe una bibliografía amplia y diferenciada al pie de página y un acápite con las obras consultadas durante toda la investigación. Tras una introducción explicativa, el autor realiza un sucinto repaso -desde sus orígenes hasta el siglo XXI- de la villa de Salvaleón de Higüey, desarrollando temas relevantes, novedosos por demás: los relativos a la preservación de la memoria histórica higüeyana y, principalmente, sobre Nuestra Señora de La Altagracia. La grandeza de la obra reside en la amplitud, responsabilidad y variedad de posibilidades gracias a la ardua labor de escritura desplegada, con la que logra su cometido de insertarnos en le origen, desarrollo e identidad de Higüey. 1 aPeña Rodríguez, Gregorio Nicanoreprólogo